[Event "AUTO-INT-344"]
[Site "http://www.queenalice.com/game.php?id=167768"]
[Date "2007.2.12"]
[Round "1"]
[White "astrologo"]
[Black "reginatto"]
[Result "1-0"]
[WhiteElo "1855"]
[BlackElo "1385"]

1. d4 d5 2. c4 Be6 3. Bf4 a5 4. e3 dxc4 5. Nc3 f6 6. d5 Bf5 7. Bxc4 Nh6 8. Nf3
a4 9. Nxa4 Ng4 10. O-O Na6 11. Nd4 g5 12. Nxf5 Nb4 13. Bg3 Ne5 14. Bxe5 fxe5 15.
Qh5+ Kd7 16. Nc5+ Kc8 17. Qxg5 Nxd5 18. Rfd1 c6 19. e4 b5 20. Bb3 Qb6 21. exd5
Qxc5 22. dxc6 Qxc6 23. Rac1 Ra6 24. Rxc6+ Rxc6 25. Nxe7+ Bxe7 26. Qxe7 h5 27.
Qxe5 Rd8 28. Rxd8+ Kxd8 29. g3 Rc1+ 30. Kg2 Rc7 31. f4 Re7 32. Qxb5 Rc7 33. Qb8+
Kd7 34. Qxc7+ Kxc7 35. f5 Kd8 36. f6 Ke8 37. f7+ Ke7 38. a4 h4 39. gxh4 Kf8 40.
a5 Kg7 41. a6 Kf8 42. a7 Ke7 43. a8=Q Kf6 44. f8=Q+ Ke5 45. Qd5# 1-0

[Event "AUTO-INT-344"]
[Site "http://www.queenalice.com/game.php?id=167769"]
[Date "2007.2.12"]
[Round "1"]
[White "reginatto"]
[Black "astrologo"]
[Result "0-1"]
[WhiteElo "1351"]
[BlackElo "1626"]

1. e4 Nf6 2. f3 e5 3. Na3 Bxa3 4. bxa3 O-O 5. Bb2 d6 6. Bc3 b6 7. Bb5 Ba6 8. a4
c6 9. Bxa6 Nxa6 10. Nh3 Nc5 11. f4 Nfxe4 12. Bb4 Qh4+ 13. Ke2 exf4 14. g3 Qxh3
15. gxf4 Qg2+ 16. Ke3 Rfe8 17. Rg1 Qf2# 0-1

[Event "AUTO-INT-344"]
[Site "http://www.queenalice.com/game.php?id=167780"]
[Date "2007.2.12"]
[Round "1"]
[White "reginatto"]
[Black "Be0wulf"]
[Result "0-1"]
[WhiteElo "1341"]
[BlackElo "1805"]

1. Nh3 e5 2. e4 d5 3. Bb5+ c6 4. Ba4 Qh4 5. Nc3 d4 6. Nd5 Qxe4+ 7. Ne3 dxe3 8.
dxe3 Qxa4 9. b3 Qa5+ 10. Bd2 Qd5 11. f3 e4 12. c4 Qe5 13. f4 Qd6 14. Qh5 Nf6 15.
Qe5+ Qxe5 16. fxe5 Ng4 17. O-O-O Bc5 18. Rhf1 Nxe3 19. b4 Nxf1 20. Rxf1 Bxh3 21.
gxh3 Bd4 22. c5 Bxe5 23. Rf5 Nd7 0-1

[Event "AUTO-INT-344"]
[Site "http://www.queenalice.com/game.php?id=167781"]
[Date "2007.2.12"]
[Round "1"]
[White "Be0wulf"]
[Black "reginatto"]
[Result "1-0"]
[WhiteElo "1803"]
[BlackElo "1343"]

1. e4 e5 2. Nf3 d6 3. h3 Na6 4. d4 exd4 5. Qxd4 Nf6 6. Nc3 Be6 7. Bg5 Nc5 8.
Bb5+ c6 9. Bd3 Nxd3+ 10. cxd3 c5 11. Qa4+ Bd7 12. Qb3 Be6 13. Qb5+ Bd7 14. Qb3
h6 15. Bh4 Be6 16. Qc2 g5 17. Bg3 Nh5 18. d4 cxd4 19. Nxd4 Bc4 20. Nf5 b5 21.
Rd1 Be6 22. Bxd6 1-0

[Event "Challenge"]
[Site "http://www.queenalice.com/game.php?id=168258"]
[Date "2007.2.13"]
[Round "-"]
[White "reginatto"]
[Black "leafar"]
[Result "0-1"]
[WhiteElo "1357"]
[BlackElo "1641"]

1. e4 Nc6 2. Na3 e5 3. h4 Qf6 4. c4 Bc5 5. Nh3 d6 6. Nb5 Bxh3 7. Nxc7+ Kd7 8. f3
Bxg2 9. Bxg2 Kxc7 10. a3 Nge7 11. a4 Ng6 12. h5 Nf4 13. Bf1 Nd4 14. Ra3 Bxa3 15.
bxa3 Rac8 16. Bb2 Kb8 17. a5 h6 18. a4 Nfe6 19. Bh3 Nxf3+ 20. Ke2 Rxc4 21. Bg2
Rxe4+ 22. Kd3 Nc5+ 23. Kc3 Nxa4+ 24. Kb3 Qe6+ 25. Kc2 Rc8+ 26. Bc3 Qa2+ 27. Kd3
Nc5# 0-1

[Event "Challenge"]
[Site "http://www.queenalice.com/game.php?id=168552"]
[Date "2007.2.14"]
[Round "-"]
[White "Frost"]
[Black "reginatto"]
[Result "0-1"]
[WhiteElo "1242"]
[BlackElo "1422"]

1. e3 e5 2. Qf3 Nc6 3. g3 Bb4 4. c3 e4 5. Qxe4+ Be7 6. b3 Nf6 7. Qd3 Ne5 8. Qf5
d6 9. Qe4 a5 10. Qc2 h5 11. h4 b6 12. c4 Bf5 13. Qxf5 a4 14. d4 Neg4 15. c5 bxc5
16. dxc5 dxc5 17. Nc3 a3 18. Nb5 Nd5 19. Nxa3 Nc3 20. Nf3 Nd1 21. Bd2 Rxa3 22.
Kxd1 Nxf2+ 23. Ke2 Nxh1 24. Ne5 Nxg3+ 0-1

[Event "Challenge"]
[Site "http://www.queenalice.com/game.php?id=169103"]
[Date "2007.2.15"]
[Round "-"]
[White "reginatto"]
[Black "MKF"]
[Result "0-1"]
[WhiteElo "1434"]
[BlackElo "940"]

1. d4 f5 2. Nh3 Nf6 3. Na3 e6 4. c3 d5 5. f4 b6 6. Qa4+ Nbd7 7. Nb5 Be7 8. g3
O-O 9. Ng5 Nb8 10. h4 Ne4 11. Nxe4 fxe4 12. g4 Bxh4+ 13. Kd1 Ba6 14. Na3 Bb7 15.
g5 Bg3 16. Rh3 Bxf4 17. Bxf4 Rxf4 18. Rf3 Rxf3 19. exf3 exf3 20. Bh3 Bc6 21.
Bxe6+ Kh8 22. Qb4 a5 23. Qb3 Qxg5 24. Kc2 a4 25. Qb4 Na6 26. Qb5 Bxb5 27. Nxb5
Qg2+ 28. Kc1 Qf1+ 29. Kc2 Qxa1 30. Bxd5 Rf8 31. Kd3 f2 32. Na3 f1=B+ 33. Kd2
Qxb2+ 34. Ke1 Qe2# 0-1

[Event "Ríboli x Reginatto"]
[Site "http://www.queenalice.com/game.php?id=171639"]
[Date "2007.2.20"]
[Round "-"]
[White "eriboli"]
[Black "reginatto"]
[Result "1-0"]
[WhiteElo "1016"]
[BlackElo "1384"]

1. e4 e5 2. Nf3 Na6 3. Nc3 d6 4. d3 Nh6 5. d4 Ng4 6. Bb5+ c6 7. Bc4 b5 8. Nxb5
cxb5 9. Bxb5+ Bd7 10. Bxa6 Qa5+ 11. c3 Ba4 12. b3 Qxc3+ 13. Bd2 Qc6 14. bxa4
Qxa6 15. Rc1 g6 16. Qb3 exd4 17. Qd5 Qxa4 18. Rc7 Nh6 19. Qxa8# 1-0

[Event "Challenge"]
[Site "http://www.queenalice.com/game.php?id=171800"]
[Date "2007.2.21"]
[Round "-"]
[White "reginatto"]
[Black "Frost"]
[Result "0-1"]
[WhiteElo "1346"]
[BlackElo "1269"]

1. d4 Nc6 2. Bg5 Nxd4 3. Qxd4 d5 4. Na3 f6 5. Bh4 g5 6. Bg3 e5 7. Qa4+ c6 8. Rd1
Ne7 9. e4 Bg4 10. Rxd5 Nxd5 11. exd5 Qxd5 12. h3 Qd1# 0-1

[Event "Challenge"]
[Site "http://www.queenalice.com/game.php?id=173763"]
[Date "2007.2.25"]
[Round "-"]
[White "wellcome"]
[Black "reginatto"]
[Result "1-0"]
[WhiteElo "1516"]
[BlackElo "1352"]

1. e3 d5 2. Nc3 c6 3. Nf3 Nh6 4. d3 Qa5 5. Ne5 f6 6. Nf3 Ng4 7. Bd2 Bf5 8. Nxd5
Qxd5 9. h3 Ne5 10. Be2 Na6 11. Rh2 g5 12. Nxe5 fxe5 13. c4 Qe6 14. Qb3 Nc5 15.
Qc3 Na4 16. Qb4 Nb6 17. Bh5+ Bg6 18. Bxg6+ Qxg6 19. Bc3 Qxd3 20. Rd1 Qxc4 21.
Qxc4 Nxc4 22. b3 Na3 23. Bxe5 Nc2+ 24. Kd2 Rd8+ 25. Kxc2 Rg8 26. Rxd8+ Kxd8 27.
Rh1 c5 28. Rd1+ Ke8 29. a3 Kf7 30. Rd7 Ke6 31. Rxb7 Kxe5 32. Rxa7 e6 33. Ra5 Be7
34. b4 Rc8 35. b5 c4 36. b6+ Kf6 37. Ra7 Bc5 38. b7 Rb8 39. Ra5 Bb6 40. Ra4 Rxb7
41. Rxc4 Ba5 42. h4 h6 43. hxg5+ hxg5 44. g4 Be1 45. f4 Bh4 46. Rc6 Bf2 47. f5
Bxe3 48. Rxe6+ Kf7 49. Rxe3 1-0

[Event "Challenge"]
[Site "http://www.queenalice.com/game.php?id=174722"]
[Date "2007.2.27"]
[Round "-"]
[White "reginatto"]
[Black "Frost"]
[Result "1-0"]
[WhiteElo "1354"]
[BlackElo "1365"]

1. e3 e5 2. Nh3 Qf6 3. c4 d6 4. Qa4+ Nc6 5. f4 e4 6. Nc3 Bf5 7. Nd5 Qd8 8. Nb4
Qh4+ 9. Nf2 Bd7 10. g3 Qh5 11. g4 Qh4 12. Nd5 a5 13. Nxc7+ Kd8 14. Nxa8 Nb4 15.
Qxa5+ Ke8 16. Nc7+ Kd8 17. Ne6+ Ke7 18. Qxb4 Kxe6 19. f5+ Kf6 20. Qxb7 Be8 21.
Qxe4 Ne7 22. Qd4+ Kg5 23. Qf4+ Kf6 24. Qxd6+ Kg5 25. Rg1 Nc6 26. Qf4+ Kf6 27.
Rg3 g5 28. Ne4+ Ke7 29. Qc7+ Bd7 30. f6+ Ke6 31. d4 Qxh2 32. d5# 1-0

[Event "Challenge"]
[Site "http://www.queenalice.com/game.php?id=179707"]
[Date "2007.3.10"]
[Round "-"]
[White "holandes"]
[Black "reginatto"]
[Result "1-0"]
[WhiteElo "1494"]
[BlackElo "1398"]

1. e4 e5 2. c3 Na6 3. d4 exd4 4. cxd4 d6 5. Nc3 Nh6 6. Nf3 c5 7. Be3 cxd4 8.
Bxd4 b6 9. Nd2 Bg4 10. f3 Bh5 11. Qa4+ b5 12. Qxb5+ Ke7 13. Qxh5 g6 14. Qg5+ Kd7
15. Qb5+ Ke7 16. Bxh8 Rb8 17. Nd5+ Ke6 18. Nf4+ Ke7 19. Qxa6 Rb6 20. Nd5+ Kd7
21. Qxa7+ Qc7 22. Qxc7+ 1-0

[Event "ReginattoXLucas 2"]
[Site "http://www.queenalice.com/game.php?id=188747"]
[Date "2007.3.28"]
[Round "-"]
[White "reginatto"]
[Black "XtremeLM"]
[Result "0-1"]
[WhiteElo "1360"]
[BlackElo "1675"]

1. e3 c5 2. Bb5 a6 3. Ba4 b5 4. Bb3 e5 5. g4 d5 6. a4 b4 7. Qf3 e4 8. Qf4 c4 9.
Ba2 Nf6 10. Nh3 Bd6 11. Qg5 Bxg4 12. Nf4 h6 13. Qxg7 Rg8 14. Qxh6 Nc6 15. b3 d4
16. bxc4 d3 17. cxd3 Be5 18. Nd5 Bxa1 19. dxe4 Bf3 20. c5 Bxh1 21. Qf4 Rg1+ 22.
Ke2 Rxc1 23. Qc7 Rc8 24. Qb6 Bxe4 25. Nf4 Bxb1 26. Bb3 Ne4 27. Qxa6 Qxd2+ 28.
Kf3 Ne5+ 29. Kg2 Qxf2+ 0-1

[Event "Challenge"]
[Site "http://www.queenalice.com/game.php?id=189348"]
[Date "2007.3.29"]
[Round "-"]
[White "AuntieRenie"]
[Black "reginatto"]
[Result "1-0"]
[WhiteElo "1312"]
[BlackElo "1370"]

1. c4 e6 2. Nc3 Bb4 3. a3 Bd6 4. d4 Na6 5. Nf3 Nh6 6. Bg5 f6 7. Bxh6 gxh6 8. e4
c6 9. e5 fxe5 10. Nxe5 Bxe5 11. dxe5 Qg5 12. Ne4 Qxe5 13. Qc2 Nc5 14. Bd3 Rg8
15. O-O h5 16. Nxc5 Qxc5 17. Bxh7 Rg4 18. Qc3 Qe7 19. Bg6+ Kf8 20. Qh8# 1-0